|
|
|
|
| LEADER |
00000nam a2200000 a 4500 |
| 001 |
vtls010581677 |
| 003 |
SK-MaSNL |
| 005 |
20260301090446.0 |
| 008 |
240315s2013 xr f 000 0 cze |
| 015 |
|
|
|a SNBZSA2014-001976
|
| 020 |
|
|
|a 9788087713020
|q (brož.)
|
| 035 |
|
|
|a FF5B07BC-36BB-47A8-8AF1-866B98F0BBC7
|
| 035 |
|
|
|a urn:nbn:sk:snk-amkc40
|
| 035 |
|
|
|a urn:nbn:sk:snk-am003szj
|
| 040 |
|
|
|a SNK
|b slo
|c SNK
|e AACR2
|
| 041 |
0 |
|
|a cze
|b eng
|
| 044 |
|
|
|a xr
|c CZ
|
| 072 |
|
7 |
|a 329
|x Politické strany a hnutia
|2 konspekt
|
| 080 |
|
|
|a 329.1/.6
|2 2001
|
| 080 |
|
|
|a 329.8
|2 2001
|
| 080 |
|
|
|a 329:321
|2 2001
|
| 080 |
|
|
|a (4-191.2)+(4-11)
|2 2001
|
| 080 |
|
|
|a (048.8:082)
|2 2001
|
| 100 |
1 |
|
|a Cabada, Ladislav,
|d 1973-
|4 aut
|9 68505
|
| 245 |
1 |
0 |
|a Strany jednoho tématu ve střední Evropě
|c Ladislav Cabada a kolektiv
|
| 260 |
|
|
|a Brno
|b Václav Klemm
|c 2013
|
| 300 |
|
|
|a 169 s.
|b tab.
|c 21 cm
|
| 504 |
|
|
|a Bibliogr.: s. 147-167 ; bibliogr. odkazy
|
| 546 |
|
|
|a Res. angl.
|
| 648 |
|
7 |
|a od 1989
|2 SNKPH
|9 329254
|
| 648 |
|
7 |
|a from 1989
|2 SNKPHeng
|9 335467
|
| 650 |
0 |
7 |
|a politické strany
|z Európa stredná a východná
|y od 1989
|2 SNKPH
|9 418264
|
| 650 |
0 |
7 |
|a Political parties
|z Europe Central and Eastern
|y from 1989
|2 SNKPHeng
|9 418265
|
| 650 |
0 |
7 |
|a Political programs
|z Europe Central and Eastern
|y from 1989
|2 SNKPHeng
|9 418266
|
| 650 |
0 |
7 |
|a politické programy
|z Európa stredná a východná
|y od 1989
|2 SNKPH
|9 418267
|
| 650 |
0 |
7 |
|a Party systems
|z Europe Central and Eastern
|y from 1989
|2 SNKPHeng
|9 418268
|
| 650 |
0 |
7 |
|a stranícke systémy
|z Európa stredná a východná
|y od 1989
|2 SNKPH
|9 418269
|
| 655 |
|
7 |
|a kolektívne monografie
|2 SNKPH
|9 249850
|
| 655 |
|
7 |
|a Collective monographs
|2 SNKPHeng
|9 125747
|
| 919 |
|
|
|a 978-80-87713-02-0
|
| 958 |
|
|
|a ZS
|
| 958 |
|
|
|a SK
|
| 958 |
|
|
|a CZ
|
| 958 |
|
|
|a NB
|
| 999 |
|
|
|c 668249
|d 670179
|
| 952 |
|
|
|a SNK
|b SNK
|y PREZ
|7 0
|p 17A1109670
|o snkSC 159572
|i snk2014/10729
|8 4
|g 8.04
|0 0
|1 0
|4 0
|d 2014-03-10
|f 1
|l 0
|r 2025-08-21 00:00:00
|w 2026-02-23
|